000 00567nam a2200169Ia 4500
003 GCL
008 140319s9999 xx 000 0 ara d
040 _aGCL /
_cGCL
082 0 4 _aم
_b235.4
_bم م
100 1 _aمحمود محمد خطاب السبكى
245 1 0 _aالمنهل العذب المورود شرح سنن الامام ابى داود /
_cمحمود محمد خطاب السبكى
260 _a[S.N] :
_bمطبعة الاستقامة
650 0 4 _aالحديث
650 0 4 _aسنن ابى داود
650 0 4 _aابوداود
942 _2ddc
_cREF
999 _c59348
_d59348